[Event "Florianopolis op 10th"]
[Site "Florianopolis"]
[Date "2024.01.28"]
[Round "10"]
[White "Machado, Luiz Fernando"]
[Black "Gruettner, Ralf"]
[Result "1-0"]
[WhiteElo "1737"]
[BlackElo "2071"]
[PlyCount "33"]
[EventDate "2024.01.20"]
[EventType "swiss"]
[EventRounds "10"]
[EventCountry "BRA"]
[SourceTitle "EXT 2025"]
[Source "ChessBase"]
[SourceDate "2024.10.14"]
[SourceVersion "1"]
[SourceVersionDate "2024.10.14"]
[SourceQuality "1"]

1. e4 c5 2. Nf3 Nc6 3. Bb5 Nf6 4. Bxc6 dxc6 5. d3 g6 6. h3 Bg7 7. Nc3 0-0 8. Be3 b6 9. Qd2 Re8 10. g4 Bb7 11. e5 Nd5 12. Ne4 Qd7 13. 0-0-0 Rad8 14. Bh6 Bh8 15. Neg5 Nc7 16. h4 f6 17. h5 1-0

[Event "Florianopolis op 10th"]
[Site "Florianopolis"]
[Date "2024.01.27"]
[Round "9"]
[White "Gruettner, Ralf"]
[Black "Viana, Daniel Fernandes"]
[Result "0-1"]
[WhiteElo "2071"]
[BlackElo "1830"]
[PlyCount "31"]
[EventDate "2024.01.20"]
[EventType "swiss"]
[EventRounds "10"]
[EventCountry "BRA"]
[SourceTitle "EXT 2025"]
[Source "ChessBase"]
[SourceDate "2024.10.14"]
[SourceVersion "1"]
[SourceVersionDate "2024.10.14"]
[SourceQuality "1"]

1. d4 Nf6 2. c4 g6 3. Nc3 Bg7 4. e4 d6 5. Nf3 0-0 6. Be2 e5 7. dxe5 dxe5 8. Qxd8 Rxd8 9. Bg5 Re8 10. Nd5 Nxd5 11. cxd5 c6 12. Bc4 cxd5 13. Bxd5 Nc6 14. 0-0-0 Nb4 15. Bb3 Be6 16. a3 0-1

[Event "Florianopolis op 10th"]
[Site "Florianopolis"]
[Date "2024.01.26"]
[Round "8"]
[White "Mariot Vaz, Joao Antonio Bertol"]
[Black "Gruettner, Ralf"]
[Result "0-1"]
[WhiteElo "1772"]
[BlackElo "2071"]
[PlyCount "53"]
[EventDate "2024.01.20"]
[EventType "swiss"]
[EventRounds "10"]
[EventCountry "BRA"]
[SourceTitle "EXT 2025"]
[Source "ChessBase"]
[SourceDate "2024.10.14"]
[SourceVersion "1"]
[SourceVersionDate "2024.10.14"]
[SourceQuality "1"]

1. e4 c5 2. Nf3 Nc6 3. Bb5 Nf6 4. Bxc6 dxc6 5. d3 g6 6. h3 Bg7 7. 0-0 0-0 8. Nc3 Qc7 9. Be3 b6 10. Qd2 Re8 11. a3 a5 12. Na4 Nd7 13. c3 Ba6 14. Rfd1 Rad8 15. Qc2 Bb5 16. d4 c4 17. b4 cxb3 18. Qxb3 Be2 19. Rd2 Bxf3 20. gxf3 b5 21. Nb2 Rb8 22. Nd3 a4 23. Qc2 Qc8 24. Kg2 Nb6 25. Bf4 Rd8 26. Bg3 Nc4 27. Rdd1 0-1

[Event "Florianopolis op 10th"]
[Site "Florianopolis"]
[Date "2024.01.22"]
[Round "3"]
[White "Gruettner, Ralf"]
[Black "Setti, Dalmarino"]
[Result "1/2-1/2"]
[WhiteElo "2071"]
[BlackElo "1664"]
[PlyCount "110"]
[EventDate "2024.01.20"]
[EventType "swiss"]
[EventRounds "10"]
[EventCountry "BRA"]
[SourceTitle "EXT 2025"]
[Source "ChessBase"]
[SourceDate "2024.10.14"]
[SourceVersion "1"]
[SourceVersionDate "2024.10.14"]
[SourceQuality "1"]

1. e4 e5 2. Nf3 Nf6 3. Nxe5 d6 4. Nf3 Nxe4 5. Nc3 Nxc3 6. dxc3 Be7 7. Bd3 Nc6 8. Be3 0-0 9. Qd2 Ne5 10. Nxe5 dxe5 11. 0-0-0 c5 12. Qe2 Qc7 13. Bc4 a6 14. h4 b5 15. Bd5 Bb7 16. Bg5 Bxd5 17. Rxd5 f6 18. Be3 Rfd8 19. Rhd1 Rxd5 20. Rxd5 Qc6 21. Qd1 Kf7 22. g3 Ke6 23. Rd2 Qe4 24. Qe2 Rd8 25. Rxd8 Bxd8 26. f3 Qd5 27. b3 Be7 28. Kb2 f5 29. h5 g6 30. hxg6 hxg6 31. g4 e4 32. gxf5+ gxf5 33. fxe4 Qxe4 34. Qf2 Kd5 35. Bf4 Ke6 36. Qg3 b4 37. cxb4 Bf6+ 38. Kb1 Qd4 39. Qe3+ Qxe3 40. Bxe3 cxb4 41. Bc5 Bc3 42. Kc1 Kd5 43. Bf8 Ke4 44. Kd1 Kf3 45. a3 bxa3 46. Bxa3 f4 47. Bd6 Bd4 48. c4 Be3 49. b4 Kg2 50. Bxf4 Bxf4 51. Kc2 Kf3 52. Kb3 Ke4 53. Ka4 Kd4 54. Ka5 Bd2 55. Kxa6 Bxb4 1/2-1/2

[Event "Florianopolis op 10th"]
[Site "Florianopolis"]
[Date "2024.01.21"]
[Round "2"]
[White "Ferreira, Rodrigo Maycon Mira"]
[Black "Gruettner, Ralf"]
[Result "1-0"]
[WhiteElo "1754"]
[BlackElo "2071"]
[PlyCount "137"]
[EventDate "2024.01.20"]
[EventType "swiss"]
[EventRounds "10"]
[EventCountry "BRA"]
[SourceTitle "CBM 218 Extra"]
[Source "ChessBase"]
[SourceDate "2024.03.31"]
[SourceVersion "1"]
[SourceVersionDate "2024.03.31"]
[SourceQuality "1"]

1. g4 d5 2. Bg2 c6 3. h3 e5 4. d4 e4 5. c4 Bd6 6. Nc3 Ne7 7. cxd5 cxd5 8. Qb3 Nbc6 9. e3 0-0 10. Bd2 Be6 11. Nge2 a6 12. f3 exf3 13. Bxf3 Na5 14. Qd1 b5 15. Nf4 Rc8 16. 0-0 Nc4 17. Bc1 Bb8 18. Qe2 Qd7 19. Qg2 Rfd8 20. Nce2 Ng6 21. Nxg6 hxg6 22. Nf4 a5 23. b3 Nb6 24. Bd2 Rc2 25. Bd1 Rc6 26. Bxa5 Qa7 27. Bb4 Qc7 28. Nd3 Nd7 29. Bd2 Nf6 30. Nb4 Rcd6 31. Rc1 Qb7 32. Nd3 Ne4 33. Bb4 Ra6 34. Bf3 Qa8 35. Rc2 Ra7 36. Rfc1 Kh7 37. Nc5 Nxc5 38. Bxc5 Ra6 39. Re1 Qb7 40. e4 Bf4 41. exd5 Bxd5 42. Re7 Bxf3 43. Rxb7 Be3+ 44. Kh1 Bxg2+ 45. Kxg2 Bxd4 46. Rxb5 Bxc5 47. Rbxc5 Rda8 48. a4 Rb8 49. R5c3 Rab6 50. Rb2 Rb4 51. a5 R4b5 52. a6 Ra5 53. Rc6 Ra8 54. Rc7 Kg8 55. Rf2 f5 56. gxf5 gxf5 57. b4 R5xa6 58. Rxf5 Rb8 59. b5 Rab6 60. Rcc5 Ra8 61. Rg5 Ra7 62. Kf3 Ra4 63. Rc8+ Kh7 64. Rc7 Rf6+ 65. Ke3 Ra3+ 66. Kd4 Rxh3 67. Rgxg7+ Kh8 68. Rge7 Kg8 69. Re5 1-0

[Event "Mittelfrank Regionalliga Sud-Ost 2223"]
[Site "Mittelfranken"]
[Date "2023.03.19"]
[Round "8.3"]
[White "Hobmeier, Luis"]
[Black "Gruettner, Ralf"]
[Result "0-1"]
[WhiteElo "1895"]
[BlackElo "2064"]
[PlyCount "54"]
[EventDate "2022.10.09"]
[EventType "team-tourn"]
[EventRounds "9"]
[EventCountry "GER"]
[SourceTitle "EXT 2024"]
[Source "ChessBase"]
[SourceDate "2023.10.10"]
[SourceVersion "1"]
[SourceVersionDate "2023.10.10"]
[SourceQuality "1"]
[WhiteTeam "Moosburg"]
[BlackTeam "Freising"]
[WhiteTeamCountry "GER"]
[BlackTeamCountry "GER"]

1. e4 c5 2. Nf3 Nc6 3. d4 cxd4 4. Nxd4 e5 5. Nb5 d6 6. c4 Be6 7. N1c3 a6 8. Na3 g6 9. Be3 Bg7 10. Nd5 Rc8 11. Bb6 Qd7 12. Bd3 Nf6 13. Nc2 0-0 14. Qf3 Bxd5 15. cxd5 Ne7 16. 0-0 Nexd5 17. exd5 e4 18. Bxe4 Nxe4 19. Qxe4 Qb5 20. Be3 Rfe8 21. a4 Qxf1+ 22. Rxf1 Rxe4 23. Ne1 Bd4 24. Bh6 Bg7 25. Be3 Rxa4 26. Nd3 Ra5 27. Nf4 Bxb2 0-1

[Event "Florianopolis op 6th"]
[Site "Florianopolis"]
[Date "2020.01.24"]
[Round "7"]
[White "Labussiere, Victor"]
[Black "Gruettner, Ralf"]
[Result "1-0"]
[WhiteElo "2363"]
[BlackElo "2099"]
[PlyCount "21"]
[EventDate "2020.01.20"]
[EventType "swiss"]
[EventRounds "10"]
[EventCountry "BRA"]
[SourceTitle "CBM 194 Extra"]
[Source "ChessBase"]
[SourceDate "2020.03.31"]
[SourceVersion "1"]
[SourceVersionDate "2020.03.31"]
[SourceQuality "1"]

1. c4 e5 2. g3 Nf6 3. Bg2 Bc5 4. Nc3 0-0 5. e3 Re8 6. Nge2 d6 7. 0-0 Bb6 8. d3 Nbd7 9. h3 Nf8 10. d4 exd4 11. Nxd4 1-0

[Event "Florianopolis op 6th"]
[Site "Florianopolis"]
[Date "2020.01.23"]
[Round "6"]
[White "Gruettner, Ralf"]
[Black "Melo, Sergio Roberto Samp"]
[Result "1-0"]
[WhiteElo "2099"]
[BlackElo "1724"]
[PlyCount "63"]
[EventDate "2020.01.20"]
[EventType "swiss"]
[EventRounds "10"]
[EventCountry "BRA"]
[SourceTitle "CBM 194 Extra"]
[Source "ChessBase"]
[SourceDate "2020.03.31"]
[SourceVersion "1"]
[SourceVersionDate "2020.03.31"]
[SourceQuality "1"]

1. d4 Nf6 2. c4 e6 3. Nc3 Bb4 4. Qc2 c5 5. dxc5 Na6 6. a3 Bxc3+ 7. Qxc3 Nxc5 8. f3 d5 9. cxd5 Qxd5 10. e4 Qc6 11. Be3 Ncd7 12. Ne2 Qxc3+ 13. Nxc3 0-0 14. Be2 a6 15. g4 b5 16. g5 Ne8 17. 0-0-0 Rb8 18. Rd2 f5 19. Rhd1 f4 20. Bf2 Rb7 21. Kb1 Rc7 22. Na2 Ne5 23. Rd8 Nc6 24. R8d2 Rff7 25. Nc1 Rfd7 26. Rc2 Rxd1 27. Bxd1 Bb7 28. Nb3 Rd7 29. Be2 Rc7 30. Nc5 Bc8 31. Nd3 e5 32. Bb6 1-0

[Event "Florianopolis op 6th"]
[Site "Florianopolis"]
[Date "2020.01.21"]
[Round "3"]
[White "Matsuura, Everaldo"]
[Black "Gruettner, Ralf"]
[Result "1-0"]
[WhiteElo "2433"]
[BlackElo "2099"]
[PlyCount "101"]
[EventDate "2020.01.20"]
[EventType "swiss"]
[EventRounds "10"]
[EventCountry "BRA"]
[SourceTitle "CBM 194 Extra"]
[Source "ChessBase"]
[SourceDate "2020.03.31"]
[SourceVersion "1"]
[SourceVersionDate "2020.03.31"]
[SourceQuality "1"]

1. e4 e5 2. Nf3 Nc6 3. d4 exd4 4. Nxd4 Nf6 5. Nxc6 bxc6 6. e5 Qe7 7. Qe2 Nd5 8. c4 Ba6 9. Nd2 g6 10. Nf3 Bg7 11. Bg5 Qb4+ 12. Qd2 Qxd2+ 13. Kxd2 Ne7 14. Bd3 h6 15. Be3 0-0 16. h4 d5 17. exd6 cxd6 18. Bd4 Bxd4 19. Nxd4 c5 20. Rhe1 Rfe8 21. Nc2 Rab8 22. b3 Bb7 23. Be4 Bxe4 24. Rxe4 Nc6 25. Rae1 Rxe4 26. Rxe4 Kf8 27. h5 gxh5 28. Rh4 Nb4 29. Nxb4 Rxb4 30. Rxh5 Kg7 31. Kd3 a5 32. Ke4 a4 33. Kd5 axb3 34. axb3 Rb6 35. Rh3 Kg6 36. Re3 h5 37. g3 Kg5 38. Rf3 f6 39. Ke6 Kg4 40. Rf4+ Kg5 41. Kd7 Kg6 42. Rf3 Kg5 43. Kc7 Ra6 44. Rd3 f5 45. Rxd6 Rxd6 46. Kxd6 f4 47. Kxc5 fxg3 48. fxg3 Kg4 49. b4 Kxg3 50. b5 h4 51. b6 1-0

[Event "Landesliga Sued 1920"]
[Site "Bayern"]
[Date "2019.10.20"]
[Round "1.5"]
[White "Wagner, Hans1"]
[Black "Gruettner, Ralf"]
[Result "1/2-1/2"]
[WhiteElo "2077"]
[BlackElo "2042"]
[PlyCount "45"]
[EventDate "2019.09.29"]
[EventType "team-tourn"]
[EventRounds "9"]
[EventCountry "GER"]
[SourceTitle "EXT 2021"]
[Source "ChessBase"]
[SourceDate "2020.10.23"]
[SourceVersion "1"]
[SourceVersionDate "2020.10.23"]
[SourceQuality "1"]
[WhiteTeam "Rottal Inn"]
[BlackTeam "Freising"]
[WhiteTeamCountry "GER"]
[BlackTeamCountry "GER"]

1. c4 e5 2. Nc3 Nf6 3. Nf3 Nc6 4. e3 Bb4 5. Qc2 0-0 6. Nd5 Re8 7. a3 Bf8 8. d3 d6 9. Be2 Nxd5 10. cxd5 Ne7 11. e4 c6 12. dxc6 bxc6 13. 0-0 Bb7 14. d4 exd4 15. Nxd4 c5 16. Nb5 Nc6 17. Bc4 Na5 18. Bd5 Bxd5 19. exd5 Rb8 20. Nxa7 Qb6 21. Nc6 Nxc6 22. dxc6 Qxc6 23. b4 1/2-1/2

[Event "Landesliga Sued 1819"]
[Site "Bayern"]
[Date "2019.01.20"]
[Round "5.5"]
[White "Gruettner, Ralf"]
[Black "Vogel, Johannes"]
[Result "0-1"]
[WhiteElo "2024"]
[BlackElo "2112"]
[PlyCount "122"]
[EventDate "2018.10.21"]
[EventType "team-tourn"]
[EventRounds "9"]
[EventCountry "GER"]
[SourceTitle "EXT 2022"]
[Source "ChessBase"]
[SourceDate "2021.10.06"]
[SourceVersion "1"]
[SourceVersionDate "2021.10.06"]
[SourceQuality "1"]
[WhiteTeam "Freising SK"]
[BlackTeam "Haunstetten TSV"]
[WhiteTeamCountry "GER"]
[BlackTeamCountry "GER"]

1. d4 d5 2. c4 c6 3. cxd5 cxd5 4. Nc3 Nc6 5. e4 Nf6 6. e5 Ne4 7. Bb5 Bf5 8. Nge2 e6 9. 0-0 Be7 10. Na4 h5 11. Be3 Rc8 12. Rc1 Bg5 13. Bxc6+ bxc6 14. Nec3 Bxe3 15. fxe3 Qg5 16. Nxe4 Bxe4 17. Qd2 0-0 18. Nc5 Bf5 19. Qf2 f6 20. Qf4 Qxf4 21. exf4 fxe5 22. fxe5 Rf7 23. h3 Rb8 24. Rf2 Rb4 25. Rd2 Kf8 26. b3 Ke7 27. a3 Rb6 28. Rf2 h4 29. Kf1 g5 30. Ke2 Rg7 31. Rc3 Rb8 32. Na6 Rb6 33. Nc5 Rb8 34. Kf1 g4 35. hxg4 Rxg4 36. Rd2 Rbg8 37. b4 R4g5 38. Rf3 h3 39. g3 Rxg3 40. Rxg3 Rxg3 41. a4 Rc3 42. Kg1 Rc1+ 43. Kh2 Rb1 44. Na6 Kf7 45. Ra2 Kg6 46. Nb8 Rxb4 47. Nxc6 Rb7 48. a5 Rc7 49. Nd8 Kg5 50. a6 Kf4 51. Nb7 Ke3 52. Nd6 Rc6 53. Nb5 Bd3 54. Nxa7 Rxa6 55. Rxa6 Bxa6 56. Kxh3 Kxd4 57. Nc6+ Ke4 58. Kg3 d4 59. Kf2 d3 60. Nb4 d2 61. Na2 Kd3 0-1

[Event "Landesliga Sued 1819"]
[Site "Bayern"]
[Date "2018.11.11"]
[Round "2.4"]
[White "Gruettner, Ralf"]
[Black "Hinterreiter, Markus"]
[Result "0-1"]
[WhiteElo "2024"]
[BlackElo "2137"]
[PlyCount "136"]
[EventDate "2018.10.21"]
[EventType "team-tourn"]
[EventRounds "9"]
[EventCountry "GER"]
[SourceTitle "EXT 2022"]
[Source "ChessBase"]
[SourceDate "2021.10.06"]
[SourceVersion "1"]
[SourceVersionDate "2021.10.06"]
[SourceQuality "1"]
[WhiteTeam "Freising SK"]
[BlackTeam "Trostberg TSV"]
[WhiteTeamCountry "GER"]
[BlackTeamCountry "GER"]

1. d4 d5 2. c4 c6 3. cxd5 cxd5 4. Nc3 Nc6 5. e4 e6 6. e5 Nh6 7. Nf3 Nf5 8. Be3 Bd7 9. Bd3 Nxe3 10. fxe3 Be7 11. 0-0 0-0 12. Rc1 f5 13. Qd2 Rc8 14. Kh1 Na5 15. Ne2 Nc4 16. Bxc4 Rxc4 17. Rxc4 dxc4 18. d5 Bc5 19. d6 Qb6 20. Ned4 Bxd4 21. Qxd4 Bc6 22. Qxb6 axb6 23. Nd4 Ra8 24. a3 Kf7 25. Nxc6 bxc6 26. Rc1 Ra5 27. Rxc4 Rxe5 28. Rxc6 Rxe3 29. Kg1 Rb3 30. Rc8 Rd3 31. Rc6 Rd1+ 32. Kf2 Rd2+ 33. Kf3 Rxb2 34. d7 Ke7 35. Rd6 Kd8 36. Rxe6 Kxd7 37. Re3 g6 38. h4 Kd6 39. g3 h6 40. Rc3 Kd5 41. Ke3 g5 42. hxg5 hxg5 43. Rd3+ Ke5 44. a4 Rg2 45. Kf3 Rb2 46. Rd8 g4+ 47. Ke3 Rg2 48. Re8+ Kf6 49. Rf8+ Kg6 50. Kf4 Rf2+ 51. Ke5 Re2+ 52. Kd5 Re3 53. Rg8+ Kf7 54. Rb8 Rxg3 55. Rxb6 Rf3 56. Ke5 g3 57. Rb7+ Kg6 58. Rb8 Kg5 59. Rg8+ Kh4 60. a5 Kh3 61. a6 Ra3 62. Kxf5 Rxa6 63. Kf4 Ra3 64. Rg7 Kg2 65. Rh7 Kg1 66. Rg7 g2 67. Rb7 Kh2 68. Rb2 Kh1 0-1

[Event "Landesliga Sued 1617"]
[Site "Bayern"]
[Date "2017.02.05"]
[Round "5.6"]
[White "Gruettner, Ralf"]
[Black "Behling, Robert"]
[Result "1/2-1/2"]
[WhiteElo "2089"]
[BlackElo "2064"]
[PlyCount "69"]
[EventDate "2016.10.16"]
[EventType "team-tourn"]
[EventRounds "9"]
[EventCountry "GER"]
[SourceTitle "EXT 2019"]
[Source "ChessBase"]
[SourceDate "2018.10.10"]
[SourceVersion "1"]
[SourceVersionDate "2018.10.10"]
[SourceQuality "1"]
[WhiteTeam "Freising"]
[BlackTeam "Haunstetten"]
[WhiteTeamCountry "GER"]
[BlackTeamCountry "GER"]

1. e4 c6 2. d4 d5 3. exd5 cxd5 4. c4 Nf6 5. Nc3 Nc6 6. Nf3 Bg4 7. cxd5 Nxd5 8. Qb3 Bxf3 9. gxf3 e6 10. Qxb7 Nxd4 11. Bb5+ Nxb5 12. Qc6+ Ke7 13. Qxb5 Qd7 14. Nxd5+ Qxd5 15. Bg5+ f6 16. Qxd5 exd5 17. Be3 Ke6 18. 0-0-0 Rc8+ 19. Kb1 Bc5 20. Rhe1 Bxe3 21. Rxe3+ Kd6 22. Rde1 Rc4 23. Re7 Rh4 24. Rxa7 Rxh2 25. Ra6+ Kd7 26. Rd1 Rh5 27. Ra7+ Kd6 28. Rxg7 Rh2 29. Ra7 Rxf2 30. Ra5 Rxf3 31. Raxd5+ Ke6 32. Rh5 Rf2 33. Re1+ Kd6 34. Rd1+ Ke6 35. Re1+ 1/2-1/2

[Event "Bayern-chI Bank Hofmann 20th"]
[Site "Bad Wiessee"]
[Date "2016.10.30"]
[Round "2"]
[White "Gruettner, Ralf"]
[Black "Zhigalko, Andrey"]
[Result "0-1"]
[WhiteElo "2102"]
[BlackElo "2584"]
[PlyCount "92"]
[EventDate "2016.10.29"]
[EventType "swiss"]
[EventRounds "9"]
[EventCountry "GER"]
[SourceTitle "CBM 175 Extra"]
[Source "ChessBase"]
[SourceDate "2016.12.12"]
[SourceVersion "1"]
[SourceVersionDate "2016.12.12"]
[SourceQuality "1"]

1. e4 c5 2. Nf3 e6 3. d4 cxd4 4. Nxd4 a6 5. Nc3 b5 6. Bd3 Bb7 7. 0-0 Nc6 8. Nxc6 Bxc6 9. a3 Bc5 10. Qe2 Ne7 11. Be3 Qb6 12. Bxc5 Qxc5 13. Kh1 e5 14. f4 exf4 15. Nd5 Bxd5 16. exd5 0-0 17. Rxf4 g6 18. c4 bxc4 19. Rxc4 Qxd5 20. Rd1 Qg5 21. Rc7 Rae8 22. Rxd7 Nf5 23. Qf3 Ne3 24. Re1 Re6 25. g3 Ng4 26. Rf1 Rf6 27. Qe2 Re6 28. Qf3 Rf6 29. Qe2 Rc8 30. Rxf6 Nxf6 31. Rd4 Rc1+ 32. Kg2 Qc5 33. Qf2 Qc6+ 34. Qf3 Rg1+ 35. Kf2 Qc1 36. Qe2 Rh1 37. Rh4 h5 38. Bxg6 Qc5+ 39. Kg2 Rg1+ 40. Kf3 fxg6 41. Qe6+ Kg7 42. Rc4 Rf1+ 43. Kg2 Qf2+ 44. Kh3 Re1 45. Qc8 g5 46. Qxa6 Qf1# 0-1

[Event "Landesliga Sued 1516"]
[Site "Bayern"]
[Date "2016.04.10"]
[Round "9.6"]
[White "Baeuml, Ulrich"]
[Black "Gruettner, Ralf"]
[Result "1-0"]
[WhiteElo "2051"]
[BlackElo "2054"]
[PlyCount "93"]
[EventDate "2015.10.11"]
[EventType "team-tourn"]
[EventRounds "9"]
[EventCountry "GER"]
[SourceTitle "EXT 2018"]
[Source "ChessBase"]
[SourceDate "2017.10.13"]
[SourceVersion "1"]
[SourceVersionDate "2017.10.13"]
[SourceQuality "1"]
[WhiteTeam "Dillingen"]
[BlackTeam "Freising"]
[WhiteTeamCountry "GER"]
[BlackTeamCountry "GER"]

1. c4 Nf6 2. g3 g6 3. Bg2 Bg7 4. Nc3 0-0 5. Nf3 d6 6. 0-0 e5 7. d3 Nc6 8. Rb1 h6 9. b4 Be6 10. b5 Ne7 11. Ne1 Qc8 12. Ba3 Bh3 13. c5 Bxg2 14. Kxg2 Qd7 15. cxd6 cxd6 16. Nf3 Rac8 17. Qb3 Rfd8 18. Rfc1 Ne8 19. e4 g5 20. h3 Ng6 21. Nd5 Nf6 22. Rxc8 Rxc8 23. Rc1 Rxc1 24. Bxc1 Nxd5 25. Qxd5 Ne7 26. Qb3 d5 27. Ba3 dxe4 28. dxe4 Ng6 29. Bc1 Kh7 30. Be3 a6 31. a4 axb5 32. axb5 f5 33. exf5 Qxf5 34. Qd5 g4 35. hxg4 Qxg4 36. Qxb7 e4 37. Nd2 Nh4+ 38. Kh2 Nf3+ 39. Nxf3 exf3 40. Qd5 h5 41. b6 h4 42. Qd3+ Kg8 43. Qd8+ Kf7 44. Qxh4 Qxh4+ 45. gxh4 Be5+ 46. Kh3 Kg6 47. Kg4 1-0